000 01984nam a22002897a 4500
008 251114b |||||||| |||| 00| 0 eng d
020 _a9781035009640
040 _cTBS
050 _aPL872.5.A74
_bK3713 2024
100 _aKashiwai, Hisashi
_d1952-
_926167
_eauthor
240 _aKamogawa shokudō okawari.
_lEnglish
245 _aThe restaurant of lost recipes
_c/ Hisashi Kashiwai ; translated by Jesse Kirkwood.
260 _aNew York, NY :
_bPan Books,
_c2025.
300 _a212 pages ;
_c20 cm.
490 _aKamogawa food detectives novel ;
_vbk 2
520 _aWe all hold lost recipes in our hearts. A very special restaurant in Kyoto helps find them ... Tucked away down a Kyoto backstreet lies the extraordinary Kamogawa Diner, run by Chef Nagare and his daughter, Koishi. The father-daughter duo have reinvented themselves as "food detectives," offering a service that goes beyond cooking mouth-watering meals. Through their culinary sleuthing, they revive lost recipes and rekindle forgotten memories. From the Olympic swimmer who misses his estranged father's bento lunchbox to the one-hit-wonder pop star who remembers the tempura she ate to celebrate her only successful record, each customer leaves the diner forever changed -- though not always in the ways they expect ... The Kamogawa Diner doesn't just serve meals -- it's a door to the past through the miracle of delicious food. A beloved bestseller in Japan, 'The Restaurant of Lost Recipes' is a tender and healing novel for fans of 'Before the Coffee Gets Cold'.
650 0 _aFathers and daughters
_vFiction
_922885
650 0 _aFood
_vFiction
_926510
650 0 _aFormulas, recipes, etc.
_vFiction
_926511
650 0 _aHappiness
_vFiction
_926512
650 0 _aMemory
_vFiction
_910588
650 0 _aRestaurants
_zJapan
_vFiction
_926513
651 0 _aKyoto (Japan)
_vFiction
_926514
655 0 _aDetective and mystery fiction
_923664
700 _aKirkwood, Jesse
_926515
_etranslator
942 _2lcc
999 _c5182
_d5182